Bekal juru da`wah

Bibliographic Details
Main Author: خوبوي، عثمان بن حسن احمد الشاكر (Author)
Format: Book
Published: Surabaya : Balai Buku , 1978
Subjects:

MARC

LEADER 00000cam a2200000 7i4500
001 0000004383
005 20230116093000.0
008 021118s1978
090 0 0 |a BP130.4   |b .K515 
100 0 |a خوبوي، عثمان بن حسن احمد الشاكر ,   |e author 
240 0 0 |a درة الناصحين   |l [Bahasa Indonesia] 
245 0 0 |a Bekal juru da`wah   |c Uthman ibn Hassan al-Khubawi   |f alihbahasa Salim Bahreisy 
260 2 |a Surabaya :   |b Balai Buku ,   |c 1978 
300 |a 2 j. ;   |c 21 sm. 
630 0 0 |a Qur'an; criticism, interpretation, etc 
999 |a 1000002334   |b Book   |c OPEN SHELF (30 DAYS)   |e Gong Badak Campus 
999 |a 1000002335   |b Book   |c OPEN SHELF (30 DAYS)   |e Gong Badak Campus 
999 |a 1000002336   |b Book   |c OPEN SHELF (30 DAYS)   |e Gong Badak Campus 
999 |a 1000100845   |b Book   |c OPEN SHELF (30 DAYS)   |e Gong Badak Campus